[Event "Titled Tue 20th May Early"]
[Site "chess.com INT"]
[Date "2025.05.20"]
[Round "10"]
[White "Krishnan, Varun"]
[Black "Mitrabha, Guha"]
[Result "1-0"]
[WhiteTitle "IM"]
[BlackTitle "GM"]
[WhiteElo "2370"]
[BlackElo "2515"]
[WhiteFideId "5054508"]
[BlackFideId "5057000"]
[EventDate "2025.05.20"]

1. e4 c6 2. d4 d5 3. f3 e6 4. Nc3 Bb4 5. Bd2 Ne7 6. h4 b6 7. Nce2 Bxd2+ 8. Qxd2
Ba6 9. O-O-O Nd7 10. g4 Rc8 11. g5 c5 12. exd5 Nxd5 13. Nc3 Bxf1 14. Rxf1 Nxc3
15. Qxc3 O-O 16. Rd1 Qc7 17. d5 exd5 18. Rxd5 Rfe8 19. Nh3 Nf8 20. h5 Qe7 21.
Kb1 Qe6 22. h6 gxh6 23. gxh6 Qxh6 24. Rg1+ Ng6 25. Ng5 Re7 26. Ne4 Qg7 27. Nf6+
Kh8 28. Rh5 Rd8 29. a3 Rd4 30. Rxh7+ Qxh7 31. Nxh7 Kxh7 32. Re1 Red7 33. Qe3 Kg7
34. Qg5 Rf4 35. Rh1 Rxf3 36. Qg4 Rfd3 37. cxd3 Rxd3 38. Qe2 Rd4 39. Qc2 Ne5 40.
Rd1 Rg4 41. Qc3 f6 42. Re1 Rg5 43. Qd2 Kg6 44. Qc2+ Kf7 45. Qd1 Ke6 46. Qb3+ Ke7
47. Qc2 Ke6 48. Qe2 Rg7 49. Qa6 Rd7 50. Qc8 Ke7 51. Rh1 Kd6 52. Rd1+ Ke6 53.
Rxd7 Nxd7 54. Qc6+ Ke7 55. Qb7 a5 56. Qc6 f5 57. Kc2 f4 58. Qe4+ Kd6 59. Qxf4+
Kc6 60. Qe4+ Kd6 61. Qf4+ Kc6 62. Qf3+ Kd6 63. Qg3+ Kc6 64. Qg2+ Kd6 65. Qh2+
Kc6 66. Qh6+ Kd5 67. Qg5+ Kc6 68. Qg6+ Kd5 69. Qf7+ Kc6 70. Qe6+ Kc7 71. a4 Nb8
72. Qe7+ Kc6 73. Qd8 Na6 74. Qc8+ Nc7 75. Kb3 Kd6 76. Qb7 Nd5 77. Kc4 Ne3+ 78.
Kb5 Nd5 79. Qc6+ Ke5 80. Qe8+ Kd4 81. Qd7 Ke5 82. Kc6 Nf6 83. Qd6+ Kf5 84. Kxb6
Ne4 85. Qd5+ Kf4 86. Qc4 Ke5 87. Kxa5 Kf4 88. Kb6 1-0

[Event "Titled Tue 20th May Early"]
[Site "chess.com INT"]
[Date "2025.05.20"]
[Round "10"]
[White "Goltsev, Dmitry"]
[Black "Gasparyan, Erik R."]
[Result "1-0"]
[WhiteTitle "FM"]
[BlackTitle "IM"]
[WhiteElo "2183"]
[BlackElo "2372"]
[WhiteFideId "24176710"]
[BlackFideId "13315730"]
[EventDate "2025.05.20"]

1. e4 c6 2. e5 d5 3. exd6 exd6 4. d4 d5 5. Nf3 Bd6 6. c4 Nf6 7. Nc3 O-O 8. Be2
Re8 9. O-O dxc4 10. Bxc4 Bg4 11. Bg5 Nbd7 12. Qb3 Re7 13. Nd2 Qc7 14. h3 Bh5 15.
a4 h6 16. Be3 Nb6 17. Bd3 Nbd5 18. Rae1 Rae8 19. Nc4 Bh2+ 20. Kh1 Bf4 21. Nxd5
cxd5 22. Ne5 Bxe5 23. dxe5 Qxe5 24. Bb5 Ra8 25. Bd2 Ne4 26. Bb4 Re6 27. f4 Qd4
28. g4 a5 29. Bc3 Qc5 30. gxh5 Ng3+ 31. Kh2 Nxf1+ 32. Rxf1 d4 33. Bd2 Qxh5 34.
Rg1 Rd8 35. Bxa5 b6 36. Bd2 d3 37. Bxd3 Re2+ 38. Bxe2 Rxd2 39. Rg2 Rxe2 40. Qxb6
Rxg2+ 41. Kxg2 Qe2+ 42. Qf2 Qe4+ 43. Kg3 Qxa4 44. Qd2 Qb5 45. b4 g5 46. fxg5
hxg5 47. Qd8+ Kg7 48. Qd4+ f6 49. Qc5 Qd3+ 50. Kf2 Qxh3 51. b5 Qh2+ 52. Kf1 Qh1+
53. Ke2 Qg2+ 54. Kd3 g4 55. b6 Qf3+ 56. Qe3 Qb7 57. Kc4 Kg6 58. Kc5 f5 59. Qe6+
Kg5 60. Qe5 Kh4 61. Qc7 Qe4 62. b7 Qe3+ 63. Kc6 Qe4+ 64. Kd7 Qd5+ 65. Kc8 Qg8+
66. Qd8+ Qxd8+ 67. Kxd8 f4 68. b8=Q f3 69. Qh2+ Kg5 70. Qg3 Kf5 71. Kd7 Ke4 72.
Qxg4+ Ke3 73. Qg5+ Ke2 74. Qe5+ Kf1 75. Qb5+ Kg2 76. Qd5 Kg3 77. Ke6 Kf2 78. Kf5 1-0

[Event "Titled Tue 20th May Early"]
[Site "chess.com INT"]
[Date "2025.05.20"]
[Round "10"]
[White "Tekeyev, Zaur"]
[Black "Popov, Konstantin"]
[Result "0-1"]
[WhiteTitle "IM"]
[BlackTitle "FM"]
[WhiteElo "2417"]
[BlackElo "2378"]
[WhiteFideId "4199731"]
[BlackFideId "34137910"]
[EventDate "2025.05.20"]

1. e4 c5 2. Nf3 d6 3. Bb5+ Nd7 4. a4 Nf6 5. Nc3 a6 6. Bc4 e6 7. a5 Be7 8. O-O
O-O 9. d3 Nb8 10. e5 dxe5 11. Nxe5 Bd7 12. Re1 Nc6 13. Nxc6 Bxc6 14. Qe2 Qc7 15.
Bg5 Rfd8 16. Bh4 Rd4 17. Bg3 Qd7 18. Be5 Rg4 19. f3 Rg6 20. Ne4 Nd5 21. c3 h5
22. Qf2 h4 23. h3 Kh7 24. Nxc5 Bxc5 25. Qxc5 f6 26. Bh2 e5 27. Kf1 Rd8 28. Qf2
Rh6 29. d4 Bb5 30. Bxb5 Qxb5+ 31. Kg1 exd4 32. cxd4 Rc8 33. Qd2 Rg6 34. Re4 Rh6
35. Rae1 Qb3 36. Bf4 Rc2 37. Bxh6 Rxd2 38. Bxd2 Qd3 39. Rxh4+ Kg8 40. Bc1 Nb4
41. Rg4 Nc2 42. Rf1 Nxd4 43. Bh6 Nf5 44. Bf4 Qd4+ 45. Kh2 Qxb2 46. Bc7 Kf7 47.
Re1 Qc3 48. Rb1 Qxc7+ 49. Kh1 Ne3 50. Rgb4 Qg3 51. Rxb7+ Kg6 52. R7b2 Qe5 53.
Re2 Qd4 54. Rbe1 Nf5 55. Kh2 Qd6+ 56. Kg1 Qc5+ 57. Kh2 Qc7+ 58. Kg1 Qxa5 59. Re4
Qb6+ 60. Kh2 Qc7+ 61. Kg1 a5 62. Rg4+ Kh6 63. h4 Qb6+ 64. Kh2 Qd6+ 65. Kg1 Qd2
66. Re8 Kh7 67. Ra8 Qe1+ 68. Kh2 Qe5+ 69. Kh3 Qe1 70. Kh2 Qc3 71. Ra7 Qc5 72.
Rb7 Qc6 73. Ra7 Qb6 74. Rf7 Qd6+ 75. Kh1 Qa6 76. h5 a4 77. Rf4 Qa5 78. g4 Nh6
79. Kg2 Nxf7 80. Re4 a3 0-1

[Event "Titled Tue 20th May Early"]
[Site "chess.com INT"]
[Date "2025.05.20"]
[Round "10"]
[White "Williams, Simon K"]
[Black "Aakash, G"]
[Result "1-0"]
[WhiteTitle "GM"]
[BlackTitle "FM"]
[WhiteElo "2445"]
[BlackElo "2114"]
[WhiteFideId "404454"]
[BlackFideId "25644394"]
[EventDate "2025.05.20"]

1. d4 d5 2. c4 c6 3. Nc3 Nf6 4. Nf3 e6 5. g4 Nxg4 6. Rg1 f5 7. Bf4 Nd7 8. Qc2 a6
9. h3 Ngf6 10. O-O-O g6 11. h4 Bg7 12. cxd5 Nxd5 13. Bg5 Qa5 14. e4 fxe4 15.
Qxe4 N7f6 16. Bxf6 Nxc3 17. bxc3 Qxc3+ 18. Qc2 Qxc2+ 19. Kxc2 Bxf6 20. h5 gxh5
21. Re1 Bd7 22. Bc4 O-O-O 23. Bxe6 Rde8 24. Bxd7+ Kxd7 25. Kd3 Rhg8 26. Rxg8
Rxg8 27. Rh1 Rg2 28. Ke3 Rg7 29. Rxh5 Re7+ 30. Kd3 Ke6 31. Nd2 Rd7 32. Nb3 b6
33. Ke4 Re7 34. a4 Kd6+ 35. Kd3 Rf7 36. Nd2 Be7 37. Ne4+ Kd7 38. Rh6 b5 39. a5
Bb4 40. Ke3 Bxa5 41. Nc5+ Kc7 42. Nxa6+ Kb6 43. Nc5 Re7+ 44. Kd3 Be1 45. f4 Bg3
46. f5 Bf4 47. Rh3 Bg5 48. Ne4 h6 49. Rf3 Kc7 50. Nc5 Kd6 51. Ne6 Rf7 52. Ke4
Be7 53. Rh3 Rf6 54. Nf4 Bd8 55. Ng6 Rf7 56. Rxh6 Bg5 57. Rh5 Bf6 58. Nf4 Kc7 59.
Ne6+ Kd6 60. Rh6 Ke7 61. Rg6 Rh7 62. Rg4 b4 63. Nc5 Kd6 64. Kd3 Rh3+ 65. Kc4 b3
66. Nxb3 Rh4 67. Rxh4 Bxh4 68. Nc5 Bd8 69. Ne4+ Kd7 70. Kc5 Be7+ 71. Kc4 Bd8 72.
Kd3 Be7 73. Ke3 Bf8 74. Kf4 Ke7 75. Ke5 Bh6 76. f6+ Kf7 77. Nd6+ Kg6 78. Ke6 Bf4
79. Nf5 Bg5 80. f7 1-0

[Event "Titled Tue 20th May Early"]
[Site "chess.com INT"]
[Date "2025.05.20"]
[Round "10"]
[White "Yelisieiev, Yevhenii"]
[Black "Mattenberger, Matthias"]
[Result "0-1"]
[WhiteTitle "IM"]
[BlackTitle "FM"]
[WhiteElo "2412"]
[BlackElo "2286"]
[WhiteFideId "14139642"]
[BlackFideId "1339958"]
[EventDate "2025.05.20"]

1. d4 Nf6 2. Nf3 g6 3. g3 Bg7 4. Bg2 d5 5. O-O O-O 6. c3 c6 7. a4 a5 8. Bf4 Bf5
9. Qb3 Qc8 10. Nbd2 Nbd7 11. Nh4 Be6 12. Qa3 Re8 13. e4 dxe4 14. Nxe4 Nxe4 15.
Bxe4 Bh3 16. Rfe1 e5 17. dxe5 Nxe5 18. Bg2 Bxg2 19. Kxg2 Nd3 20. Rxe8+ Qxe8 21.
Be3 Qe4+ 22. Kg1 Bf6 23. Ng2 Ne5 24. Ne1 Rd8 25. Qb3 Nc4 26. Qc2 Qxc2 27. Nxc2
Nxb2 28. Nd4 Nc4 29. Rb1 Nxe3 30. fxe3 Rd7 31. Kf2 h5 32. Kf3 Kf8 33. h3 Ke7 34.
g4 hxg4+ 35. hxg4 Kd6 36. Ke4 Re7+ 37. Kd3 Kc7 38. Rf1 Bg5 39. e4 Rd7 40. Kc4
Kd6 41. Nb3 b6 42. Nd4 Rc7 43. Kd3 Bd8 44. Rh1 Rb7 45. Rh8 Bf6 46. Rc8 Bxd4 47.
cxd4 b5 48. e5+ Kd7 49. Rf8 Ke7 50. Ra8 b4 51. Kc2 Rd7 52. Kd3 c5 53. Rxa5 Rxd4+
54. Ke3 Rxg4 55. Rxc5 Rg3+ 56. Kf4 Ra3 57. a5 b3 58. Rb5 Ra4+ 59. Kg5 b2 60.
Rxb2 Rxa5 61. Kf4 Ke6 62. Rb6+ Ke7 63. Rb7+ Kf8 64. Ke4 Ra6 65. Kf4 Kg7 66. Rc7
Re6 67. Rd7 Kf8 68. Ra7 Re7 69. Ra8+ Kg7 70. Ra6 Rb7 71. Rc6 Kg8 72. e6 Kg7 73.
exf7 Kxf7 74. Kg4 Rb4+ 75. Kg5 Rb5+ 76. Kg4 Kg7 77. Kf4 Kh6 78. Kg4 Rb4+ 79. Kg3
Kh5 80. Rc8 Rb3+ 81. Kg2 g5 82. Rc4 Ra3 83. Rb4 Rc3 84. Ra4 Rb3 85. Rc4 Ra3 86.
Rb4 Ra8 87. Rc4 Rf8 88. Kg3 Rf1 89. Ra4 Rh1 90. Rb4 Rg1+ 91. Kf2 Rg4 92. Rb8 Ra4
93. Kg3 Ra3+ 94. Kg2 Kh4 95. Rb4+ g4 96. Rc4 Ra2+ 97. Kg1 Kh3 0-1

[Event "Titled Tue 20th May Early"]
[Site "chess.com INT"]
[Date "2025.05.20"]
[Round "10"]
[White "Przybylski, Bartosz"]
[Black "Harsh, Suresh"]
[Result "0-1"]
[WhiteTitle "CM"]
[BlackTitle "IM"]
[WhiteElo "2107"]
[BlackElo "2392"]
[WhiteFideId "21878323"]
[BlackFideId "45018464"]
[EventDate "2025.05.20"]

1. e4 g6 2. d4 Nf6 3. e5 Nh5 4. Be2 d6 5. exd6 Qxd6 6. Nf3 Bg7 7. c3 Nf4 8. Bxf4
Qxf4 9. Qd2 Qxd2+ 10. Nbxd2 O-O 11. O-O-O b6 12. Rhe1 e6 13. Nc4 Nd7 14. Bd3 Bb7
15. Be4 Bxe4 16. Rxe4 Rfd8 17. Ree1 c5 18. dxc5 Nxc5 19. Kc2 Bf6 20. Nce5 Kg7
21. h3 Rd5 22. Rxd5 exd5 23. Nc6 Ne4 24. Re2 a5 25. Ncd4 Rc8 26. a4 Rc4 27. Nb5
Nc5 28. b3 Rf4 29. Nfd4 Ne4 30. f3 Ng3 31. Rd2 h5 32. Ne2 Nxe2 33. Rxe2 d4 34.
cxd4 h4 35. d5 Kf8 36. d6 Rf5 37. Kd3 Rd5+ 38. Kc4 Rc5+ 39. Kd3 Rd5+ 40. Kc2
Rc5+ 41. Kb1 Rd5 42. Re4 g5 43. Re2 Be5 44. d7 f6 45. Kc2 Rxd7 46. Rd2 Re7 47.
Kd3 Bf4 48. Re2 Rd7+ 49. Kc2 Kf7 50. Kb1 Rd1+ 51. Kc2 Rg1 52. Kb2 Be5+ 53. Kc2
Ke6 54. Kd3 Kf5 55. Kc4 Rc1+ 56. Kd5 Rg1 57. Kc6 Kf4 58. Kxb6 Kg3 59. Kxa5 Rxg2
60. Rxg2+ Kxg2 61. Kb6 Kxh3 62. a5 Kg3 63. a6 h3 64. a7 h2 65. a8=Q h1=Q 66. b4
Qxf3 67. Qg8 Qf2+ 68. Ka5 Qe3 69. Qg7 g4 70. Qg6 Kh4 71. Ka6 g3 72. Qh7+ Kg4 73.
Qg6+ Qg5 74. Qe4+ Kh5 75. Qh1+ Kg6 76. Qe4+ Kh6 77. Qh1+ Qh5 78. Qg2 Qh2 79. Qe4
g2 80. Qe3+ Qf4 81. Qg1 Qg4 82. Nc3 Bxc3 83. b5 Be5 84. b6 Bd4 85. Qh2+ Kg7 86.
Qc7+ Kg6 87. b7 g1=Q 88. Qc2+ Kh6 89. b8=Q Qa1+ 90. Kb7 Qd7+ 91. Qbc7 Qa7# 0-1

[Event "Titled Tue 20th May Early"]
[Site "chess.com INT"]
[Date "2025.05.20"]
[Round "11"]
[White "Iskusnyh, Sergei"]
[Black "Terkiewicz, Bruno"]
[Result "1-0"]
[WhiteTitle "GM"]
[BlackTitle "CM"]
[WhiteElo "2440"]
[BlackElo "2183"]
[WhiteFideId "4120027"]
[BlackFideId "21093245"]
[EventDate "2025.05.20"]

1. d4 Nf6 2. c4 b6 3. Nc3 Bb7 4. Qc2 e6 5. e4 Bb4 6. Bd3 d5 7. cxd5 exd5 8. e5
Ne4 9. Ne2 O-O 10. O-O f5 11. f3 Nxc3 12. bxc3 Be7 13. Bxf5 h6 1-0

[Event "Titled Tue 20th May Early"]
[Site "chess.com INT"]
[Date "2025.05.20"]
[Round "11"]
[White "Tran, Vo Quoc Bao"]
[Black "Barrientos, Ernesto"]
[Result "1-0"]
[BlackTitle "CM"]
[WhiteElo "2096"]
[BlackElo "2027"]
[WhiteFideId "12425184"]
[BlackFideId "3701247"]
[EventDate "2025.05.20"]

1. e4 c5 2. Nf3 Nc6 3. d4 cxd4 4. Nxd4 Nf6 5. Nc3 e5 6. Nb3 Bb4 7. Bd3 d5 8.
exd5 Nxd5 9. O-O Nxc3 10. bxc3 Be7 11. Re1 O-O 12. Qh5 g6 13. Qe2 Bf6 14. Ba3
Re8 15. Rad1 Qc7 16. Bc4 Be6 17. Bxe6 Rxe6 18. Nc5 Rd6 19. Na6 bxa6 20. Rxd6 Rc8
21. Rxf6 1-0

[Event "Titled Tue 20th May Early"]
[Site "chess.com INT"]
[Date "2025.05.20"]
[Round "11"]
[White "Morais, Renan de Souza Stockler"]
[Black "Zepeda Berlanga, Jan Enrique"]
[Result "0-1"]
[WhiteTitle "CM"]
[BlackTitle "CM"]
[WhiteElo "1703"]
[BlackElo "1941"]
[WhiteFideId "2187701"]
[BlackFideId "5132355"]
[EventDate "2025.05.20"]

1. d4 Nf6 2. Bf4 d5 3. e3 c5 4. c3 Nc6 5. Nf3 Qb6 6. Qb3 c4 7. Qxb6 axb6 8. Nbd2
b5 9. b3 e6 10. Be2 Ba3 11. O-O Bb2 12. Rab1 Rxa2 13. bxc4 bxc4 14. Ne5 Bxc3 0-1

[Event "Titled Tue 20th May Early"]
[Site "chess.com INT"]
[Date "2025.05.20"]
[Round "11"]
[White "Karvatskyi, Oleksii"]
[Black "Smieszek, Wojciech"]
[Result "1-0"]
[WhiteTitle "CM"]
[BlackTitle "CM"]
[WhiteElo "2248"]
[BlackElo "2141"]
[WhiteFideId "14191059"]
[BlackFideId "1156047"]
[EventDate "2025.05.20"]

1. Nc3 Nf6 2. e4 d5 3. exd5 Nxd5 4. Bc4 Nxc3 5. bxc3 e6 6. Nf3 Bd6 7. d4 O-O 8.
O-O Nd7 9. Bd3 h6 10. Qe2 Nf6 11. Ne5 b6 12. Ng4 Nxg4 13. Qxg4 Qf6 14. Qe4 g6
15. Qxa8 e5 16. Qf3 Qh4 17. Qg3 Qe7 18. Bxh6 Re8 19. Qg5 Qd7 20. Qf6 Bf8 21.
Bxf8 Kxf8 22. Qh8+ Ke7 23. Qxe5+ Kf8 24. Qh8+ Ke7 25. Rae1+ 1-0

[Event "Titled Tue 20th May Early"]
[Site "chess.com INT"]
[Date "2025.05.20"]
[Round "11"]
[White "Guliev, Gasan"]
[Black "Shafer, Logan C"]
[Result "1-0"]
[WhiteTitle "CM"]
[BlackTitle "CM"]
[WhiteElo "2123"]
[BlackElo "2291"]
[WhiteFideId "34165638"]
[BlackFideId "30993342"]
[EventDate "2025.05.20"]

1. d4 d5 2. c4 Nc6 3. e3 e5 4. cxd5 Qxd5 5. Nc3 Bb4 6. Bd2 Bxc3 7. bxc3 Nf6 8.
Qb3 Qd6 9. Nf3 e4 10. Ng1 O-O 11. c4 b6 12. Ne2 a5 13. Ng3 g6 14. Be2 Nb4 15.
O-O h5 16. Rfd1 h4 17. Nf1 Bg4 18. Bxg4 Nxg4 19. h3 Nh6 20. Bxb4 axb4 21. Nd2 f5
22. c5+ 1-0

[Event "Titled Tue 20th May Early"]
[Site "chess.com INT"]
[Date "2025.05.20"]
[Round "11"]
[White "Jake Shanty"]
[Black "Chekletsov, Ilya"]
[Result "1/2-1/2"]
[WhiteTitle "FM"]
[BlackTitle "IM"]
[WhiteElo "2252"]
[BlackElo "2338"]
[WhiteFideId "33478066"]
[BlackFideId "24177156"]
[EventDate "2025.05.20"]

1. Nf3 d5 2. e3 Nc6 3. Bb5 f6 4. d4 Bg4 5. h3 Bh5 6. c4 e6 7. cxd5 exd5 8. Nc3
Bb4 9. Bd2 Ne7 10. a3 Bd6 11. Bd3 a6 12. Qc2 Bg6 13. Bxg6+ hxg6 14. O-O-O Qd7
15. e4 dxe4 16. Nxe4 O-O-O 17. Rhe1 g5 18. Qc4 Bf4 19. Nc5 Qd5 20. Qxd5 Rxd5 21.
Ne6 Bxd2+ 22. Rxd2 Rg8 23. Rde2 Nf5 24. Re4 Nd6 25. R4e2 Nf5 26. Re4 Nd6 27.
R4e2 Nf5 1/2-1/2

[Event "Titled Tue 20th May Early"]
[Site "chess.com INT"]
[Date "2025.05.20"]
[Round "11"]
[White "Nguyen Thien Ngan"]
[Black "Kjaergaard-Jensen, Jesper"]
[Result "1-0"]
[WhiteTitle "WIM"]
[BlackTitle "CM"]
[WhiteElo "1998"]
[BlackElo "2081"]
[WhiteFideId "12414816"]
[BlackFideId "1406990"]
[EventDate "2025.05.20"]

1. e3 Nf6 2. d4 d6 3. c4 e5 4. Nc3 c6 5. dxe5 dxe5 6. Qxd8+ Kxd8 7. b3 Bb4 8.
Bd2 Be6 9. O-O-O Ba3+ 10. Kc2 Bf5+ 11. Bd3 e4 12. Be2 Kc8 13. h3 Na6 14. g4 Bg6
15. h4 h5 16. g5 Ng4 17. Nh3 Nb4+ 18. Kb1 Nd3 19. Bxd3 exd3 20. f3 Ne5 21. Rhf1
Bf5 22. Nf4 Be7 23. e4 Bh3 24. Nxh3 1-0

[Event "Titled Tue 20th May Early"]
[Site "chess.com INT"]
[Date "2025.05.20"]
[Round "11"]
[White "Sobek, Jaroslav"]
[Black "Zmijanac, Dusko"]
[Result "1-0"]
[WhiteTitle "FM"]
[BlackTitle "FM"]
[WhiteElo "2195"]
[BlackElo "1977"]
[WhiteFideId "301388"]
[BlackFideId "908762"]
[EventDate "2025.05.20"]

1. d4 c5 2. d5 Nf6 3. Nc3 g6 4. e4 d6 5. Nf3 Bg7 6. Nd2 O-O 7. Be2 a6 8. a4 e6
9. O-O exd5 10. exd5 Re8 11. Nc4 Qc7 12. Bf4 Bf8 13. a5 Nbd7 14. Ra3 Ne5 15. Ne3
Bd7 16. h3 b5 17. axb6 Qxb6 18. Bxe5 Rxe5 19. Nc4 Qc7 20. Nxe5 dxe5 21. Rxa6 Rb8
22. b3 e4 23. Rxf6 1-0

[Event "Titled Tue 20th May Early"]
[Site "chess.com INT"]
[Date "2025.05.20"]
[Round "11"]
[White "Shevkunov, Vladyslav"]
[Black "Ochedzan, Filip"]
[Result "1-0"]
[BlackTitle "CM"]
[WhiteElo "2073"]
[BlackElo "2130"]
[WhiteFideId "30953448"]
[BlackFideId "21892610"]
[EventDate "2025.05.20"]

1. e4 d6 2. d4 Nf6 3. Nc3 Nbd7 4. Nf3 e5 5. Rg1 g6 6. g4 Bg7 7. g5 Nh5 8. Be3 c6
9. Be2 O-O 10. Qd2 Qa5 11. d5 cxd5 12. Nxd5 Qxd2+ 13. Bxd2 Nb6 14. Nc7 Rb8 15.
Nb5 d5 16. Bb4 Rd8 17. Bc5 dxe4 18. Nd2 Bd7 19. Nxa7 Nf4 20. Bxb6 Re8 21. Nxe4
Bf8 22. Nf6+ 1-0

[Event "Titled Tue 20th May Early"]
[Site "chess.com INT"]
[Date "2025.05.20"]
[Round "11"]
[White "Reshetnikov, Alexey"]
[Black "Mohammadi, Melika"]
[Result "1-0"]
[WhiteTitle "IM"]
[BlackTitle "WFM"]
[WhiteElo "2492"]
[BlackElo "2205"]
[WhiteFideId "4162080"]
[BlackFideId "42529271"]
[EventDate "2025.05.20"]

1. d4 Nf6 2. c4 e6 3. Nc3 d5 4. Bg5 Bb4 5. e3 h6 6. Bh4 c5 7. cxd5 exd5 8. Bd3
c4 9. Bc2 Qa5 10. Ne2 Nbd7 11. O-O O-O 12. f3 Re8 13. Qd2 b5 14. a3 Be7 15. Bxf6
Nxf6 16. e4 dxe4 17. fxe4 Bb7 18. Qf4 Rf8 19. e5 Nh7 20. Qf5 g6 21. Qd7 1-0

[Event "Titled Tue 20th May Early"]
[Site "chess.com INT"]
[Date "2025.05.20"]
[Round "11"]
[White "Guerra Tulcan, Lenin"]
[Black "Kvaloy, Aksel Bu"]
[Result "1-0"]
[WhiteTitle "IM"]
[BlackTitle "IM"]
[WhiteElo "2310"]
[BlackElo "2479"]
[WhiteFideId "3601382"]
[BlackFideId "1528815"]
[EventDate "2025.05.20"]

1. e4 e5 2. Nf3 Nc6 3. Bb5 g6 4. O-O Bg7 5. c3 a6 6. Ba4 Nge7 7. d4 exd4 8. cxd4
O-O 9. d5 Na5 10. Nbd2 d6 11. Rb1 b5 12. Bc2 c5 13. Re1 h6 14. Nf1 Nc4 15. b3
Nb6 16. Bb2 f6 17. h4 g5 18. hxg5 hxg5 19. Ng3 Bg4 20. Qd3 Nd7 21. Nh2 f5 22.
Bxg7 Kxg7 23. Nxg4 fxg4 24. e5 1-0

[Event "Titled Tue 20th May Early"]
[Site "chess.com INT"]
[Date "2025.05.20"]
[Round "11"]
[White "Nakonechnyi, Oleksii"]
[Black "Burmakin, Vladimir"]
[Result "0-1"]
[BlackTitle "GM"]
[WhiteElo "2224"]
[BlackElo "2435"]
[WhiteFideId "34173714"]
[BlackFideId "4105109"]
[EventDate "2025.05.20"]

1. e4 c6 2. d4 d5 3. Nd2 g6 4. Ngf3 dxe4 5. Nxe4 Bg7 6. Bc4 Nf6 7. Neg5 O-O 8.
Ne5 Nd5 9. Ngxf7 Rxf7 10. Nxf7 Kxf7 11. O-O Kg8 12. Bb3 Nd7 13. c4 N5f6 14. Re1
Nf8 15. Be3 Be6 16. Bg5 Bf7 17. Qd2 Qd7 18. Bh6 Re8 19. Bxg7 Kxg7 20. Rad1 Ne6
21. Qe3 Nc7 22. Qe5 b5 23. cxb5 Nxb5 24. Bxf7 Kxf7 25. Qc5 Qd6 26. Qc4+ Qd5 27.
Qa4 Rd8 28. Re5 Qd6 29. Rde1 Rd7 30. Qc4+ Kf8 31. a4 Nxd4 32. b4 Ng4 33. f4 Nxe5
34. Rxe5 Nf5 35. Re1 Qd4+ 0-1

[Event "Titled Tue 20th May Early"]
[Site "chess.com INT"]
[Date "2025.05.20"]
[Round "11"]
[White "Aakash, G"]
[Black "Deboushnik De"]
[Result "0-1"]
[WhiteTitle "FM"]
[WhiteElo "2114"]
[BlackElo "2207"]
[WhiteFideId "25644394"]
[BlackFideId "25768778"]
[EventDate "2025.05.20"]

1. d4 d5 2. Bg5 h6 3. Bh4 c6 4. e3 Qb6 5. b3 e5 6. Nf3 e4 7. Nfd2 Ne7 8. g4 Be6
9. c4 Nd7 10. Nc3 Ng6 11. Bg3 Bb4 12. Na4 Qd8 13. a3 Be7 14. Nc3 O-O 15. Bg2 Bh4
16. Qe2 Qg5 17. h3 Bxg3 18. fxg3 f5 19. cxd5 cxd5 20. gxf5 Qxg3+ 21. Kd1 Rxf5
22. Rf1 Raf8 23. Rxf5 Rxf5 24. Ndxe4 dxe4 25. Nxe4 Qh2 26. Rc1 Nh4 27. Nd6 Rf8
28. d5 Qxd6 29. Be4 Nf6 0-1

[Event "Titled Tue 20th May Early"]
[Site "chess.com INT"]
[Date "2025.05.20"]
[Round "11"]
[White "Yevchenko, Oleksandr"]
[Black "Shevchenko, Yaroslav"]
[Result "1-0"]
[WhiteTitle "CM"]
[WhiteElo "2276"]
[BlackElo "2137"]
[WhiteFideId "14108267"]
[BlackFideId "34144684"]
[EventDate "2025.05.20"]

1. c4 e6 2. e4 d5 3. exd5 exd5 4. cxd5 Nf6 5. Nc3 Nxd5 6. Bc4 Be6 7. Qb3 Nb4 8.
Bxe6 Qe7 9. Nge2 Nd3+ 10. Kf1 Nc5 11. Bxf7+ Qxf7 12. Qxf7+ Kxf7 13. d4 Nd3 14.
Nf4 Nxc1 15. Rxc1 Bd6 16. Nd3 Nc6 17. Nb5 Rad8 18. d5 Ne7 19. Nxc7 Bxc7 20. Rxc7
Rxd5 21. Ne1 Rhd8 22. Rxb7 Rd2 23. g3 R8d5 24. Kg2 Rf5 25. Nf3 Rc2 26. Re1 1-0

[Event "Titled Tue 20th May Early"]
[Site "chess.com INT"]
[Date "2025.05.20"]
[Round "11"]
[White "Liu, Casper"]
[Black "Micic, Aleksa"]
[Result "0-1"]
[WhiteTitle "FM"]
[BlackTitle "FM"]
[WhiteElo "2325"]
[BlackElo "2191"]
[WhiteFideId "1454153"]
[BlackFideId "989940"]
[EventDate "2025.05.20"]

1. d4 Nf6 2. c4 g6 3. g3 Bg7 4. Bg2 O-O 5. Nf3 c5 6. O-O cxd4 7. Nxd4 Nc6 8. Nc3
Qa5 9. Nc2 d6 10. Bd2 Qh5 11. e4 Ng4 12. h3 Nge5 13. Qxh5 gxh5 14. Ne3 Bxh3 15.
Bxh3 Nf3+ 16. Kg2 Nxd2 17. Rfe1 e6 18. f3 Ne5 19. Red1 Ndxc4 20. Kf2 Nxe3 21.
Kxe3 Nc4+ 22. Ke2 Nxb2 23. Rdc1 Rfc8 24. Nb5 Nc4 25. Rab1 a6 26. Nc3 b5 27. a4
Na3 28. Rb3 b4 29. Na2 Rxc1 30. Nxc1 Rc8 31. Kd1 a5 32. Rd3 Nc4 33. Ke2 Nb2 34.
Rd1 Nxd1 0-1

[Event "Titled Tue 20th May Early"]
[Site "chess.com INT"]
[Date "2025.05.20"]
[Round "11"]
[White "Modric, Nesa"]
[Black "Novikova, Anna"]
[Result "1-0"]
[WhiteTitle "CM"]
[BlackTitle "WIM"]
[WhiteElo "2088"]
[BlackElo "2179"]
[WhiteFideId "922579"]
[BlackFideId "4146794"]
[EventDate "2025.05.20"]

1. d4 d5 2. Bg5 Nf6 3. Nd2 e6 4. Ngf3 Be7 5. e3 O-O 6. Bd3 Nc6 7. c3 Bd7 8. O-O
h6 9. Bh4 Nh7 10. Bg3 Bc8 11. b4 Bd6 12. Ne5 Nxe5 13. dxe5 Be7 14. f4 f6 15. Qc2
f5 16. Nf3 Bd7 17. Nd4 c6 18. a4 Qc7 19. Bf2 b6 20. Rfc1 c5 21. Nb5 1-0

[Event "Titled Tue 20th May Early"]
[Site "chess.com INT"]
[Date "2025.05.20"]
[Round "11"]
[White "Kovalevsky, Stanislav"]
[Black "Cattaneo, Marco"]
[Result "0-1"]
[WhiteTitle "FM"]
[BlackTitle "FM"]
[WhiteElo "2098"]
[BlackElo "2291"]
[WhiteFideId "13508598"]
[BlackFideId "878332"]
[EventDate "2025.05.20"]

1. e4 Nf6 2. e5 Nd5 3. Nf3 d6 4. exd6 cxd6 5. Bc4 Nb6 6. Bb3 Nc6 7. a4 a5 8. O-O
Bf5 9. Nc3 e6 10. d4 d5 11. Re1 Be7 12. Bf4 O-O 13. Nb5 Rc8 14. Nh4 Bxh4 15. Qh5
Bg6 16. Qf3 Bf6 17. h4 Nxd4 18. Nxd4 Bxd4 19. c3 Bf6 20. h5 Be4 21. Qg3 Nc4 22.
Rad1 Qb6 23. h6 Bg6 24. Bxc4 Rxc4 25. Be5 Bxe5 26. Qxe5 gxh6 27. Re3 Qc7 28. Qf6
Rf4 0-1